Statistics for Countries with Alpha Cities

Click here to take the quiz!

General Stats

  • This quiz has been taken 59 times
  • The average score is 34 of 37

Answer Stats

NumberAnswer% Correct
2Australia
100%
5China
100%
1Russia
100%
1United Kingdom
100%
2Canada
98%
1France
98%
1Indonesia
98%
1Italy
98%
1Mexico
98%
1Spain
98%
5United States
98%
1Argentina
96%
2Germany
96%
3India
96%
1Sweden
96%
1Brazil
93%
1Japan
93%
1Netherlands
93%
1South Africa
93%
1South Korea
93%
1Thailand
93%
1Turkey
93%
1Poland
91%
1United Arab Emirates
91%
1Austria
89%
1Saudi Arabia
89%
1Belgium
87%
1Malaysia
87%
1Singapore
85%
1Switzerland
85%
1Taiwan
85%
1Philippines
84%
1Portugal
84%
1Ireland
82%
1Czech Republic
73%
1Chile
71%
1Luxembourg
45%

Score Distribution

Percentile by Number Answered

Percent of People with Each Score

Your Score History

You have not taken this quiz